[Event "Gibraltar Open"]
[Site "Caleta ENG"]
[Date "2012.01.29"]
[Round "6.65"]
[White "Coleman, Teddy"]
[Black "Weber, Francois ESP"]
[Result "1-0"]
[WhiteTitle "FM"]
[WhiteElo "2356"]
[BlackElo "2155"]
[WhiteFideId "2022010"]
[BlackFideId "2291690"]
[EventDate "2012.01.24"]

1. d4 e6 2. c4 f5 3. Nc3 Nf6 4. f3 c5 5. d5 d6 6. e4 e5 7. exf5 Bxf5 8. Nge2 Be7
9. Ng3 Bg6 10. Bd3 Bxd3 11. Qxd3 O-O 12. O-O Nbd7 13. b3 a6 14. Bb2 Qe8 15. Nf5
Qf7 16. Rae1 Nh5 17. Nxe7+ Qxe7 18. g3 Qg5 19. Kh1 Rae8 20. Bc1 Qf6 21. Ne4 Qg6
22. Qd2 h6 23. Qa5 Rc8 24. a4 Rf7 25. Kg2 Nf4+ 26. Bxf4 exf4 27. Re2 fxg3 28.
hxg3 Rf5 29. f4 Rh5 30. Qe1 Rf5 31. Rf3 Rcf8 32. Qd2 Kh8 33. Nf2 Ne5 34. Rxe5
dxe5 35. Nh3 R5f6 36. Qe2 e4 37. Re3 Re8 38. Kh2 Rf7 39. Nf2 Rfe7 40. Ng4 Qd6
41. a5 h5 42. Nf2 Qg6 43. Nh3 Qf5 44. Ng5 g6 45. d6 Rd7 46. Nxe4 Rf8 47. Qb2+
Kg8 48. Qe5 h4 49. Nxc5 hxg3+ 50. Kxg3 g5 51. Qxf5 Rxf5 52. Nxd7 gxf4+ 53. Kf3
fxe3+ 54. Kxe3 Rxa5 55. Kd4 Kf7 56. Nc5 b6 57. Nb7 Ra1 58. Kd5 Rd1+ 59. Kc6 Ke8
60. Kxb6 Kd7 61. c5 Rc1 62. Kxa6 Rb1 63. Na5 Ra1 64. b4 Rb1 65. b5 Rh1 66. Nb7
Kc8 67. c6 Rh8 68. d7+ Kb8 1-0

[Event "Gibraltar Open"]
[Site "Caleta ENG"]
[Date "2012.01.29"]
[Round "6.67"]
[White "Vanparys, Philip"]
[Black "Palencia, Wilson"]
[Result "1-0"]
[BlackTitle "IM"]
[WhiteElo "2174"]
[BlackElo "2324"]
[WhiteFideId "202975"]
[BlackFideId "4401859"]
[EventDate "2012.01.24"]

1. c4 b6 2. Nc3 c5 3. e3 Nf6 4. Be2 Bb7 5. Bf3 Bxf3 6. Nxf3 g6 7. b3 Bg7 8. Bb2
O-O 9. O-O Nc6 10. d4 cxd4 11. Nxd4 Rc8 12. Qf3 Ne5 13. Qb7 Rc7 14. Qa6 Qc8 15.
Qxc8 Rcxc8 16. Rfd1 d6 17. Rac1 Nc6 18. Kf1 Nxd4 19. Rxd4 a6 20. Ke2 Rc7 21.
Rcd1 h5 22. R4d3 Rb8 23. R1d2 b5 24. cxb5 axb5 25. Nd5 Nxd5 26. Rxd5 Bf8 27. g4
hxg4 28. Rg5 Ra8 29. a3 Bg7 30. Bxg7 Kxg7 31. Rxg4 Rxa3 32. Rb4 Rc5 33. Kf3 Ra8
34. h4 d5 35. Kg3 e6 36. Kf4 Kf6 37. Kg3 Ke7 38. Kg4 Ra1 39. Kg3 e5 40. Kg2 f5
41. h5 g5 42. f4 gxf4 43. exf4 e4 44. Rbd4 Rcc1 45. Rxd5 Rg1+ 46. Kf2 Rgf1+ 47.
Kg3 Rf3+ 48. Kh4 Rh1+ 49. Kg5 Rg3+ 50. Kh6 Kf6 51. Rd6+ Kf7 52. Rd7+ Ke8 53. Rh7
Rc1 54. Rd6 Rd3 55. Rb6 Rcd1 56. Kg5 e3 57. Kxf5 Rd6 58. Rb8+ Rd8 59. Rh8+ Kf7
60. Rhxd8 Rxd8 61. Rb7+ Kf8 62. h6 Rd1 63. Rb8+ Ke7 64. h7 e2 65. h8=Q e1=Q 66.
Re8+ 1-0

[Event "Gibraltar Open"]
[Site "Caleta ENG"]
[Date "2012.01.29"]
[Round "6.68"]
[White "Lipecki, Alexander"]
[Black "Henriksson, Johan"]
[Result "1/2-1/2"]
[WhiteElo "2159"]
[BlackElo "2308"]
[WhiteFideId "1303511"]
[BlackFideId "1703560"]
[EventDate "2012.01.24"]

1. d4 c6 2. c4 d5 3. e3 g6 4. Nc3 Bg7 5. Nf3 Nf6 6. Be2 O-O 7. O-O Be6 8. b3 Ne4
9. Bb2 Nxc3 10. Bxc3 c5 11. Ng5 Bf5 12. cxd5 cxd4 13. exd4 Qxd5 14. Bc4 Qd7 15.
Qf3 Bf6 16. Ne4 Bxe4 17. Qxe4 Rd8 18. Rac1 Na6 19. a4 Rab8 20. Rfd1 Nc7 21. d5
Bxc3 22. Rxc3 b5 23. axb5 Nxb5 24. Rh3 Nd6 25. Qf4 Nf5 26. Re1 Qd6 27. Qe4 Rb7
28. g4 Ng7 29. Qe3 Ne8 30. Rf3 Nf6 31. Qg5 Kg7 32. Rh3 Ng8 33. Qd2 h6 34. Ree3
Qf6 35. Rhf3 Qg5 36. Qd4+ f6 37. Rg3 e5 38. Qc5 Rbd7 39. h3 Qf4 40. Rgf3 Qg5 41.
Re1 h5 42. Rg3 hxg4 43. hxg4 Ne7 44. Kg2 Nxd5 45. Bxd5 Qd2 46. Ra1 Qxd5+ 47.
Qxd5 Rxd5 48. Rxa7+ R5d7 49. Ra6 Rd4 50. g5 f5 51. Ra7+ R8d7 52. Rxd7+ Rxd7 53.
Rc3 Rb7 54. Rc5 e4 55. Rc3 Rd7 56. b4 Kf7 57. b5 Rb7 58. Rc5 Rb6 59. Kg3 Ke6 60.
Rc7 Kd6 61. Rc8 Kd5 62. f3 exf3 63. Kxf3 Rxb5 64. Rg8 Rb6 65. Kf4 Re6 66. Rd8+
Kc6 67. Ra8 Kd7 68. Ra7+ Ke8 69. Ra8+ Kf7 70. Ra7+ Re7 71. Ra4 Kg7 72. Rb4 Kf7
73. Ra4 Re6 74. Ra7+ Kf8 75. Ra4 Ke7 76. Ra7+ Kd6 77. Ra6+ Kd5 78. Ra5+ Kd4 79.
Ra4+ Kd3 80. Ra3+ Kc4 81. Ra4+ Kc5 82. Ra5+ Kb4 83. Rxf5 gxf5 84. Kxf5 Re1 85.
g6 Kc5 86. g7 Rg1 87. Kf6 Kd6 88. Kf7 Rf1+ 89. Kg6 Ke7 90. g8=Q Rg1+ 91. Kh7
Rxg8 92. Kxg8 1/2-1/2

[Event "Gibraltar Open"]
[Site "Caleta ENG"]
[Date "2012.01.29"]
[Round "6.69"]
[White "Mastalerz, Xavier"]
[Black "Montero Melendez, Rafael"]
[Result "0-1"]
[WhiteElo "2135"]
[BlackElo "2303"]
[WhiteFideId "208310"]
[BlackFideId "2221772"]
[EventDate "2012.01.24"]

1. d4 Nf6 2. Nf3 e6 3. c4 b6 4. g3 Bb7 5. Bg2 c5 6. Nc3 cxd4 7. Qxd4 d6 8. O-O
Be7 9. Bg5 a6 10. Bxf6 Bxf6 11. Qf4 Bxf3 12. Qxf3 Ra7 13. Rfd1 O-O 14. Rd2 Rd7
15. Rad1 Qc7 16. Ne4 Be7 17. b3 b5 18. Qf4 bxc4 19. bxc4 Rfd8 20. Bh3 Nc6 21.
Ng5 Bxg5 22. Qxg5 Ne5 23. Qh4 Qxc4 24. Qg5 h6 25. Qe3 Qb5 26. Qe4 Nc4 27. Rd4 d5
28. Qh4 Ne5 29. Qh5 f5 30. a4 Qb3 31. Kg2 Nc6 32. R1d3 Qb7 33. Rh4 d4 34. f3 Ne5
35. Rdxd4 Rxd4 36. Rxd4 Rxd4 37. Qe8+ Kh7 38. Qxe6 Ng4 39. Qxf5+ g6 40. Qe6 h5
41. Kg1 Nh6 42. f4 Ng4 43. Bxg4 hxg4 44. f5 Qb1+ 45. Kf2 0-1

[Event "Gibraltar Open"]
[Site "Caleta ENG"]
[Date "2012.01.29"]
[Round "6.70"]
[White "Oberhofer, Andre"]
[Black "Osuna Vega, Enrique"]
[Result "0-1"]
[BlackTitle "CM"]
[WhiteElo "2299"]
[BlackElo "2122"]
[WhiteFideId "24654140"]
[BlackFideId "2219549"]
[EventDate "2012.01.24"]

1. e4 e6 2. d4 d5 3. Nc3 Nf6 4. Bg5 dxe4 5. Nxe4 Nbd7 6. Nf3 Be7 7. Ned2 a6 8.
Bd3 b6 9. Qe2 Bb7 10. c3 O-O 11. O-O c5 12. Bh4 h6 13. Rfe1 Nh5 14. Bxe7 Qxe7
15. g3 Nhf6 16. Rac1 Rfc8 17. Bc2 Qd6 18. dxc5 Qxc5 19. Ne4 Qc6 20. Rcd1 Nd5 21.
Bb3 N5f6 22. Bc2 Nd5 23. Rd2 b5 24. Red1 N7f6 25. Ne5 Qc7 26. Nxf6+ Nxf6 27. Rd7
Nxd7 28. Rxd7 Qb6 29. Rxf7 Rc7 30. Qh5 Rf8 31. Rxf8+ Kxf8 32. Qg4 Qd6 33. Qf4+
Kg8 34. h4 0-1

[Event "Gibraltar Open"]
[Site "Caleta ENG"]
[Date "2012.01.29"]
[Round "6.71"]
[White "Ortega Ruiz, Jose Miguel"]
[Black "Sos Andreu, Eric"]
[Result "0-1"]
[WhiteTitle "FM"]
[WhiteElo "2288"]
[BlackElo "2113"]
[WhiteFideId "2209713"]
[BlackFideId "22247017"]
[EventDate "2012.01.24"]

1. d4 Nf6 2. c4 g6 3. Nc3 Bg7 4. e4 d6 5. Nf3 O-O 6. Be2 Na6 7. Be3 e5 8. d5 Ng4
9. Bg5 f6 10. Bh4 h5 11. Nd2 c5 12. dxc6 bxc6 13. Nb3 Rb8 14. h3 Nh6 15. f3 Qe7
16. c5 Nxc5 17. Nxc5 dxc5 18. Na4 Be6 19. Bf2 Rfd8 20. Qc2 c4 21. Nc5 Bf7 22.
O-O Kh8 23. Rfd1 f5 24. Rxd8+ Rxd8 25. Bxc4 Bf6 26. Bxf7 Qxf7 27. Nb3 Qd7 28.
Qc5 Nf7 29. Qxa7 Qxa7 30. Bxa7 fxe4 31. fxe4 Ng5 32. Re1 Ra8 33. Bc5 Ra4 34. Nd2
Ne6 35. Ba3 Nd4 36. Rf1 Kg7 37. Nb1 Nb5 38. Bf8+ Kf7 39. Bh6 Ke6 40. Rc1 Kd7 41.
a3 Rxe4 42. Nd2 Re2 43. Kf1 Nd4 44. Rc4 Bg7 45. Bg5 Bf6 46. Rxd4+ exd4 47. Kxe2
Bxg5 48. Kd3 c5 49. Ne4 Be7 50. Kc4 Kc6 51. b3 Bf8 52. Ng5 Kd6 53. Nf3 Be7 54.
b4 cxb4 55. axb4 Ke6 56. Nxd4+ Kf6 57. b5 Bd8 58. Kd5 Bb6 59. Ke4 Kg5 60. Ne6+
Kh4 61. Kf4 Ba7 62. Ng5 Bb8+ 0-1

[Event "Gibraltar Open"]
[Site "Caleta ENG"]
[Date "2012.01.29"]
[Round "6.72"]
[White "Yurenok, Maria S"]
[Black "Borosova, Zuzana"]
[Result "0-1"]
[WhiteTitle "WFM"]
[BlackTitle "WGM"]
[WhiteElo "2109"]
[BlackElo "2284"]
[WhiteFideId "409359"]
[BlackFideId "14905779"]
[EventDate "2012.01.24"]

1. d4 Nf6 2. c4 e6 3. Nc3 Bb4 4. Qc2 O-O 5. a3 Bxc3+ 6. Qxc3 b6 7. Bg5 Bb7 8.
Nf3 d6 9. Nd2 Nbd7 10. f3 Rc8 11. e3 c5 12. Be2 Re8 13. Qd3 d5 14. b4 Ba6 15. b5
dxc4 16. Qxc4 Bb7 17. e4 h6 18. Be3 Qe7 19. O-O Nd5 20. Bf2 Nf4 21. dxc5 Nxc5
22. Bd1 Nxg2 23. Kxg2 Qg5+ 24. Kh1 Qxd2 25. Ra2 Qd3 26. Qxd3 Nxd3 27. Be3 f5 28.
exf5 exf5 29. Bd4 Re1 30. Kg1 Rxf1+ 31. Kxf1 Rc1 32. Rd2 Bxf3 33. Rxd3 Bxd1 34.
Kf2 Ba4 35. Re3 Rc7 36. Re5 Bc2 37. Rd5 Kf7 38. Rd6 Be4 39. Kg3 Bb7 40. Rd8 Be4
41. h4 g5 42. Rh8 Rc2 43. h5 f4+ 44. Kg4 Rg2+ 45. Kh3 Rd2 46. Be5 Bf5# 0-1

[Event "Gibraltar Open"]
[Site "Caleta ENG"]
[Date "2012.01.29"]
[Round "6.73"]
[White "Ben Artzi, Ido"]
[Black "Becking, Franz Josef"]
[Result "0-1"]
[WhiteElo "2284"]
[BlackElo "1956"]
[WhiteFideId "2810913"]
[BlackFideId "4632540"]
[EventDate "2012.01.24"]

1. d4 Nf6 2. c4 e6 3. Nc3 Bb4 4. e3 O-O 5. Bd3 d5 6. Nf3 c5 7. O-O Nc6 8. a3
Bxc3 9. bxc3 dxc4 10. Bxc4 Qc7 11. Bb2 b6 12. Qe2 Bb7 13. Rac1 Rac8 14. Ba2 Rfd8
15. Rfd1 Na5 16. c4 Ne4 17. Ne5 f6 18. Nd3 Re8 19. Qg4 Qe7 20. d5 f5 21. Qe2
exd5 22. cxd5 Qd6 23. Nf4 c4 24. Qe1 Nc5 25. Bxc4 Na4 26. Bb5 Nxb2 27. Rd2 Nbc4
28. Bxe8 Rxe8 29. Rd3 g5 30. Ne2 f4 31. Qb4 fxe3 32. Rxc4 exf2+ 33. Kxf2 Nxc4
34. Qxc4 Qe5 35. d6+ Kg7 36. Qc7+ Kg6 37. Rd2 Qe3+ 38. Ke1 Qg1# 0-1

[Event "Gibraltar Open"]
[Site "Caleta ENG"]
[Date "2012.01.29"]
[Round "6.74"]
[White "Soumya, Swaminathan"]
[Black "Mihajlov, Svetoslav"]
[Result "1-0"]
[WhiteTitle "WGM"]
[WhiteElo "2280"]
[BlackElo "2101"]
[WhiteFideId "5016193"]
[BlackFideId "1507168"]
[EventDate "2012.01.24"]

1. e4 c5 2. Nf3 e6 3. d4 cxd4 4. Nxd4 Nf6 5. Nc3 d6 6. Be3 Nc6 7. Qd2 Be7 8. f3
a6 9. O-O-O Bd7 10. g4 Nxd4 11. Qxd4 Bc6 12. g5 e5 13. Qd2 Nh5 14. Rg1 Nf4 15.
Bxf4 exf4 16. Qxf4 h6 17. gxh6 g5 18. Qe3 Qa5 19. Bc4 Qc5 20. Qe2 Rxh6 21. Nd5
Bxd5 22. Bxd5 Bf6 23. f4 Rh4 24. e5 dxe5 25. fxg5 Bg7 26. Rgf1 O-O-O 27. Bxb7+ 1-0

[Event "Gibraltar Open"]
[Site "Caleta ENG"]
[Date "2012.01.29"]
[Round "6.76"]
[White "Marley, Andrew S G"]
[Black "Kulkarni, Rakesh"]
[Result "1/2-1/2"]
[WhiteElo "1889"]
[BlackElo "2252"]
[WhiteFideId "416975"]
[BlackFideId "5037077"]
[EventDate "2012.01.24"]

1. d4 Nf6 2. Nf3 c5 3. d5 b5 4. Bg5 Qb6 5. g3 Bb7 6. Bxf6 Qxf6 7. Nc3 b4 8. Ne4
Qxb2 9. Rb1 Qxa2 10. Nxc5 Qxd5 11. Nxb7 Qxb7 12. Bg2 e6 13. O-O Nc6 14. Ne5 d5
15. Nxc6 Qxc6 16. Qd4 Qc5 17. Qe5 Qc3 18. Qxc3 bxc3 19. e4 d4 20. e5 Rc8 21. Bb7
Rc7 22. Ba6 g5 23. Rfd1 Bg7 24. f4 gxf4 25. gxf4 f6 26. Rb5 fxe5 27. fxe5 O-O
28. Rxd4 Rcf7 29. Rc5 Rf2 30. Rg4 Kh8 31. Bd3 Bh6 32. Rc7 R2f7 33. Rxc3 Bf4 34.
Rc6 h5 35. Rg6 Bxe5 36. Rh6+ Kg8 37. Rg6+ Rg7 38. Rxe6 Bd4+ 39. Kg2 Rf6 40. Rxf6
Bxf6 41. Rxg7+ Kxg7 42. Kf3 a5 43. Bb5 Kg6 44. c4 Be7 45. Ke4 Kg5 46. h3 Kh4 47.
Bd7 1/2-1/2

[Event "Gibraltar Open"]
[Site "Caleta ENG"]
[Date "2012.01.29"]
[Round "6.77"]
[White "Mozelius, Peter"]
[Black "Byron, Alan M"]
[Result "0-1"]
[WhiteElo "1869"]
[BlackElo "2241"]
[WhiteFideId "1709704"]
[BlackFideId "401773"]
[EventDate "2012.01.24"]

1. d4 Nf6 2. Nc3 g6 3. Bg5 Bg7 4. e3 d5 5. Bd3 O-O 6. f4 c5 7. Nf3 Nc6 8. O-O
cxd4 9. exd4 Bg4 10. Be2 Ne4 11. Ne5 Bxe2 12. Nxe2 Nxe5 13. dxe5 Nxg5 14. fxg5
Bxe5 15. h4 Qb6+ 16. Kh1 Qb4 17. Rf3 Qxh4+ 18. Rh3 Qxg5 19. Ng1 Bg7 20. Nf3 Qf5
21. Qe2 Bxb2 22. Rf1 Bf6 23. Qd2 Bg7 24. Nh2 Qd7 25. Rf4 f6 26. Rfh4 Kf7 27. Ng4
h5 28. Nf2 Rh8 29. Rd3 Rad8 30. c4 Bh6 31. Qd1 Qf5 32. Rf3 Qg5 33. Rd4 Qc1 34.
cxd5 Qxd1+ 35. Rxd1 Rd7 36. Ne4 Rhd8 37. Rfd3 b6 38. Nc3 Bf4 39. Nb5 Be5 40. Kg1
a6 41. Na3 b5 42. Nc2 e6 43. Nb4 exd5 44. Nxa6 d4 45. Rb1 Ra7 46. Nb4 Rc7 47.
Rdd1 Bf4 48. Nd3 Be3+ 49. Kh2 Rd5 50. Kg3 Rc2 51. Kh3 Rg5 52. g3 Rxa2 53. Rf1
Ra3 0-1

[Event "Gibraltar Open"]
[Site "Caleta ENG"]
[Date "2012.01.29"]
[Round "6.78"]
[White "Nezad, Husein Aziz"]
[Black "Thornton, John D"]
[Result "1/2-1/2"]
[WhiteTitle "IM"]
[WhiteElo "2402"]
[BlackElo "2050"]
[WhiteFideId "12100293"]
[BlackFideId "1800663"]
[EventDate "2012.01.24"]

1. d4 Nf6 2. Nf3 c5 3. d5 e6 4. Nc3 d6 5. e4 e5 6. Bb5+ Bd7 7. a4 a6 8. Be2 Bg4
9. Nd2 Bxe2 10. Qxe2 Be7 11. Nc4 O-O 12. O-O Ne8 13. f4 Nd7 14. a5 Bf6 15. Na4
Qe7 16. Ra3 exf4 17. Bxf4 Ne5 18. Nab6 Nxc4 19. Nxc4 Rd8 20. Rb3 g6 21. Kh1 Be5
22. Nxe5 dxe5 23. Be3 Qc7 24. Rb6 Rd6 25. Qc4 Rxb6 26. axb6 Qxb6 27. Qxc5 Qd8
28. Qb4 f6 29. c4 Rf7 30. c5 f5 31. d6 f4 32. Bg1 Qd7 33. Qc3 Qe6 34. Rd1 Nf6
35. Qd3 Qd7 36. b4 Kg7 37. Rb1 Qc6 38. Qc3 Nd7 39. Re1 g5 40. Qc4 Rf6 41. Rb1
Rxd6 42. Qc3 Re6 43. Qh3 Nf6 44. Rd1 h6 45. Qf5 Nxe4 46. Re1 Nf6 47. Bd4 e4 48.
h4 gxh4 49. Qxf4 Qd5 50. Bc3 Kg6 51. Qxh4 Qh5 52. Bxf6 Rxf6 53. Qxh5+ Kxh5 54.
Rxe4 b6 55. Kh2 bxc5 56. bxc5 Rc6 1/2-1/2

[Event "Gibraltar Open"]
[Site "Caleta ENG"]
[Date "2012.01.29"]
[Round "6.79"]
[White "Rodriguez Lopez, Rafael"]
[Black "Nilsson, Lars Kjoller"]
[Result "1/2-1/2"]
[WhiteTitle "IM"]
[WhiteElo "2287"]
[BlackElo "2036"]
[WhiteFideId "2204495"]
[BlackFideId "1402544"]
[EventDate "2012.01.24"]

1. e4 c5 2. Nf3 d6 3. d4 cxd4 4. Nxd4 Nf6 5. Nc3 e6 6. Bc4 Nc6 7. Bb3 Be7 8. O-O
O-O 9. Kh1 Qc7 10. f4 Na5 11. Qe2 Nxb3 12. axb3 b6 13. e5 Ne8 14. Ncb5 Qd7 15.
Rd1 d5 16. c4 Bc5 17. Be3 a5 18. cxd5 exd5 19. Nc3 Nc7 20. Na4 Bb7 21. Rac1 Na6
22. Nf3 Qc6 23. Bd4 Rac8 24. Rc3 Qg6 25. Qb5 Nc7 26. Qd7 Rfd8 27. Qh3 Nb5 28. f5
Qh6 29. Qxh6 gxh6 30. Rcd3 Nxd4 31. Nxd4 Bxd4 32. Rxd4 b5 33. Nc3 b4 34. Ne4 Rc2
35. Nf6+ Kf8 36. R4d2 Rxd2 37. Rxd2 d4 38. Kg1 Ke7 39. Kf2 h5 40. g3 Bc8 41.
Nxh5 Bxf5 42. Nf4 Be6 1/2-1/2

[Event "Gibraltar Open"]
[Site "Caleta ENG"]
[Date "2012.01.29"]
[Round "6.80"]
[White "Suez-Panama, Gilles"]
[Black "Tavares, Shawn P"]
[Result "0-1"]
[WhiteElo "2034"]
[BlackElo "2218"]
[WhiteFideId "620165"]
[BlackFideId "7700016"]
[EventDate "2012.01.24"]

1. d4 e6 2. Nf3 Nf6 3. c4 c5 4. d5 b5 5. Bg5 exd5 6. cxd5 d6 7. e4 a6 8. a4 h6
9. Bf4 g5 10. Bg3 Nxe4 11. axb5 Bg7 12. Ra4 Qe7 13. Be2 O-O 14. O-O f5 15. Bd3
Nxg3 16. hxg3 Nd7 17. Re1 Qf7 18. b3 Nb6 19. Ra2 f4 20. gxf4 Qxf4 21. Re4 Qf6
22. Rae2 axb5 23. Bxb5 Bf5 24. Re6 Bxe6 25. dxe6 Qe7 26. Qd3 Ra1 27. Kh2 Rf6 28.
Nc3 g4 29. Nh4 Rxf2 30. Ng6 Qg5 31. Rxf2 Be5+ 32. Rf4 Bxf4+ 33. Nxf4 Qxf4+ 34.
Qg3 Rh1+ 35. Kxh1 Qxg3 0-1

[Event "Gibraltar Open"]
[Site "Caleta ENG"]
[Date "2012.01.29"]
[Round "6.81"]
[White "Lam, Daniel King-wai"]
[Black "Spence, David J"]
[Result "1-0"]
[WhiteElo "2022"]
[BlackElo "2213"]
[WhiteFideId "6001238"]
[BlackFideId "407429"]
[EventDate "2012.01.24"]

1. e4 e6 2. d4 d5 3. Nd2 Nf6 4. e5 Nfd7 5. Bd3 c5 6. c3 Nc6 7. Ngf3 g6 8. h4
cxd4 9. cxd4 h6 10. Nb3 a5 11. Be3 a4 12. Nc1 Nb6 13. Ne2 Nb4 14. Bb1 Nc4 15.
Bc1 a3 16. b3 Nb6 17. O-O Bd7 18. Nf4 Bb5 19. Re1 Be7 20. h5 g5 21. Nd3 Nd7 22.
Nxb4 Bxb4 23. Bd2 Be7 24. Nh2 Qb6 25. Bc3 Rc8 26. Re3 Rc6 27. Ng4 Ba6 28. Qe1
Kf8 29. Bc2 Kg7 30. Rd1 Qc7 31. Bb1 Rc8 32. Bd2 b5 33. Rg3 Rh8 34. Qe3 b4 35. f4
Kf8 36. f5 exf5 37. Bxf5 Bc8 38. Rf1 Nb6 39. Rgf3 Bxf5 40. Rxf5 Rh7 41. e6 1-0

[Event "Gibraltar Open"]
[Site "Caleta ENG"]
[Date "2012.01.29"]
[Round "6.82"]
[White "Valgmae, Toomas"]
[Black "Campos Calvo-Sotelo, Juan"]
[Result "1-0"]
[WhiteElo "2208"]
[BlackElo "2028"]
[WhiteFideId "4502523"]
[BlackFideId "2251540"]
[EventDate "2012.01.24"]

1. e4 e6 2. d4 a6 3. Nf3 b5 4. a4 b4 5. Bd3 c5 6. O-O cxd4 7. Nxd4 Bb7 8. Nd2
Nf6 9. e5 Nd5 10. Nc4 Nc6 11. Nb3 Qc7 12. Re1 Be7 13. Qg4 h5 14. Qxg7 O-O-O 15.
Qxf7 Rdf8 16. Qg6 h4 17. Bf1 Rhg8 18. Qd3 Kb8 19. Re4 Rf5 20. f4 Rgf8 21. g3
hxg3 22. hxg3 Rg8 23. Bg2 Qd8 24. Bd2 a5 25. Nd6 Bxd6 26. exd6 Qb6+ 27. Be3 Nxe3
28. Qxe3 Ka7 29. Qxb6+ Kxb6 30. Re3 Rf7 31. Rf1 Rfg7 32. Kf2 Rf8 33. Bxc6 Bxc6
34. Nd4 Rh8 35. Nxc6 Kxc6 36. Kf3 Kxd6 37. Re5 Rh2 38. Rf2 Rgh7 39. Rg2 Rh1 40.
Rxa5 Rf1+ 41. Ke3 Kc6 42. Rb5 d5 43. Rxb4 Rhh1 44. c3 Kd6 45. a5 Ra1 46. Rb6+
Kc5 47. Rxe6 Rxa5 48. b4+ 1-0

[Event "Gibraltar Open"]
[Site "Caleta ENG"]
[Date "2012.01.29"]
[Round "6.83"]
[White "Hamer, Martyn"]
[Black "Dolgova, Olga"]
[Result "1-0"]
[BlackTitle "WIM"]
[WhiteElo "2010"]
[BlackElo "2206"]
[WhiteFideId "413160"]
[BlackFideId "4158296"]
[EventDate "2012.01.24"]

1. e4 c6 2. d4 d5 3. exd5 cxd5 4. c4 Nf6 5. Nc3 e6 6. Nf3 Bb4 7. cxd5 Nxd5 8.
Bd2 Nc6 9. Bd3 O-O 10. O-O Be7 11. a3 Bf6 12. Be3 g6 13. Rc1 Bg7 14. Bb1 Nce7
15. Qd2 Re8 16. h4 Nxe3 17. fxe3 Nf5 18. h5 b6 19. hxg6 hxg6 20. Qf2 Bb7 21. d5
exd5 22. Bxf5 gxf5 23. Nd4 Qg5 24. Nxf5 Re6 25. Nb5 Ba6 26. a4 Be5 27. Qf3 Rd8
28. Rf2 Rd7 29. Nbd4 Rg6 30. Nc6 Bd6 31. Nxd6 Rgxd6 32. Nb8 Bc4 33. Nxd7 Rxd7
34. Qh3 Rd6 35. b3 Bxb3 36. Rc8+ Rd8 37. Rxd8+ Qxd8 38. Qg4+ 1-0

[Event "Gibraltar Open"]
[Site "Caleta ENG"]
[Date "2012.01.29"]
[Round "6.84"]
[White "Zygouris, Hristos"]
[Black "Mortensen, Henrik"]
[Result "1-0"]
[WhiteElo "2205"]
[BlackElo "2012"]
[WhiteFideId "4200292"]
[BlackFideId "1401424"]
[EventDate "2012.01.24"]

1. c4 c5 2. g3 Nc6 3. Bg2 e5 4. Nc3 g6 5. Nf3 Bg7 6. O-O Nge7 7. a3 O-O 8. Rb1
d5 9. cxd5 Nxd5 10. Nxe5 Nxc3 11. Nxc6 Nxe2+ 12. Qxe2 bxc6 13. Bxc6 Rb8 14. d3
Bf5 15. Be4 Re8 16. Bf4 Rb3 17. Qc2 Bxe4 18. Qxb3 Bxd3 19. Rbd1 c4 20. Qb4 Qd4
21. Rfe1 Rxe1+ 22. Rxe1 h5 23. Qb8+ Kh7 24. Be5 1-0

[Event "Gibraltar Open"]
[Site "Caleta ENG"]
[Date "2012.01.29"]
[Round "6.85"]
[White "Kyas, Juergen"]
[Black "Pasanen, Tuomo"]
[Result "1-0"]
[WhiteElo "2195"]
[BlackElo "2008"]
[WhiteFideId "4618157"]
[BlackFideId "508063"]
[EventDate "2012.01.24"]

1. e4 c6 2. d4 d5 3. Nc3 dxe4 4. Nxe4 Nd7 5. c3 Ngf6 6. Nxf6+ Nxf6 7. Bc4 Qc7 8.
Qb3 e6 9. Nf3 h6 10. O-O Bd6 11. Re1 g5 12. a4 Bd7 13. Ne5 Bxe5 14. dxe5 Ng4 15.
f4 gxf4 16. Bxf4 f6 17. Bxe6 O-O-O 18. Rad1 fxe5 19. Bg3 Rhe8 20. Rxd7 1-0

[Event "Gibraltar Open"]
[Site "Caleta ENG"]
[Date "2012.01.29"]
[Round "6.87"]
[White "Salomon, Johan"]
[Black "Weeramantry, Sunil"]
[Result "1/2-1/2"]
[BlackTitle "FM"]
[WhiteElo "2002"]
[BlackElo "2183"]
[WhiteFideId "1509500"]
[BlackFideId "9900055"]
[EventDate "2012.01.24"]

1. Nf3 g6 2. g3 Bg7 3. Bg2 d6 4. O-O Nc6 5. d4 Nf6 6. c4 O-O 7. Nc3 Bg4 8. h3
Bxf3 9. Bxf3 Nd7 10. e3 e5 11. d5 Ne7 12. e4 f5 13. a3 Nf6 14. b4 Qd7 15. Kg2 h5
16. Bg5 Nh7 17. Bd2 Rf7 18. exf5 Nxf5 19. Be4 Raf8 20. Qe2 Rf6 21. h4 Nd4 22.
Qd3 Rf3 23. Bxf3 Nxf3 24. Rad1 Qg4 25. Rh1 e4 26. Nxe4 Nxh4+ 27. Rxh4 Qxd1 28.
Nc3 Bxc3 29. Qxc3 Qe2 30. Rf4 Rxf4 31. Bxf4 Qe4+ 32. Kg1 h4 33. Bh6 Qe7 34. gxh4
Nf8 35. Qd4 Nd7 36. Qf4 Qe5 37. Kg2 Qxf4 38. Bxf4 Nb6 39. Be3 Nxc4 40. Bxa7 Nxa3
41. Bb8 Nb5 42. Kf3 Kf7 43. Ke4 Ke7 44. Kf4 Kf6 45. Ke4 Kg7 46. Kf3 Kf7 47. Ke4
Kf6 48. f4 c6 49. dxc6 bxc6 50. f5 gxf5+ 51. Kf4 Nc3 52. Bxd6 Nd5+ 53. Kf3 Kg6
54. Ke2 Kh5 55. Kd3 Nf6 56. Be7 Ne4 57. Kd4 Kg4 58. Ke5 Nf2 59. Kd6 f4 60. Kxc6
Nd3 61. b5 f3 62. b6 Ne5+ 63. Kc7 f2 64. b7 f1=Q 65. b8=Q Qc4+ 66. Kd6 Nf7+ 67.
Kd7 Ne5+ 68. Kd6 Qd4+ 69. Ke6 Qc4+ 70. Kd6 Nf7+ 71. Kd7 Kf5 72. Qc8 1/2-1/2

[Event "Gibraltar Open"]
[Site "Caleta ENG"]
[Date "2012.01.29"]
[Round "6.88"]
[White "De Graaf, Dick"]
[Black "Becker, Carsten"]
[Result "0-1"]
[WhiteElo "2183"]
[BlackElo "2001"]
[WhiteFideId "1005677"]
[BlackFideId "24646822"]
[EventDate "2012.01.24"]

1. g3 g6 2. Bg2 Bg7 3. d3 c5 4. e4 Nc6 5. c3 d6 6. f4 e5 7. Nf3 Nge7 8. O-O O-O
9. Be3 Qb6 10. Qc2 exf4 11. Bxf4 d5 12. Nbd2 c4+ 13. d4 dxe4 14. Nxe4 Bf5 15.
Rae1 Nd5 16. Bc1 Nf6 17. Nfd2 Nxe4 18. Bxe4 Bxd4+ 19. cxd4 Nxd4 20. Qxc4 Rac8
21. Qa4 Nf3+ 22. Kg2 Nxe1+ 23. Rxe1 Rfe8 24. Rf1 Qe3 25. Bxf5 Rxc1 26. Ne4 Re5
27. Nf6+ Kg7 28. Ng4 Qd2+ 29. Rf2 Qd5+ 30. Kh3 Rxf5 31. Rxf5 Qxf5 32. Qd4+ f6
33. Qd2 Rc4 34. Qh6+ Kg8 0-1